[Event "Muensterland Verbandsklasse-B 0708"]
[Site "Germany"]
[Date "2008.01.26"]
[Round "5.4"]
[White "Schaefer, Guenter"]
[Black "Schulz, Stefan"]
[Result "1-0"]
[WhiteElo "2012"]
[BlackElo "1795"]
[PlyCount "85"]
[EventDate "2007.09.15"]
[EventType "team-tourn"]
[EventRounds "9"]
[EventCountry "GER"]
[SourceTitle "EXT 2009"]
[Source "ChessBase"]
[SourceDate "2008.11.26"]
[SourceVersion "1"]
[SourceVersionDate "2008.11.26"]
[SourceQuality "1"]
[WhiteTeam "Nienberge"]
[BlackTeam "Muenster SK V"]
[WhiteTeamCountry "GER"]
[BlackTeamCountry "GER"]

1. e4 c6 2. d3 d5 3. Nd2 e5 4. Ngf3 Bd6 5. g3 Nf6 6. Bg2 0-0 7. 0-0 Bg4 8. h3 Bxf3 9. Bxf3 Nbd7 10. Bg2 Qc7 11. c3 a5 12. b3 Rad8 13. Qc2 Rfe8 14. Bb2 dxe4 15. Nxe4 Nxe4 16. dxe4 Bc5 17. a3 b5 18. Rfd1 Nf8 19. b4 Bb6 20. bxa5 Bxa5 21. c4 b4 22. Rxd8 Rxd8 23. Rd1 f6 24. Rxd8 Qxd8 25. c5 bxa3 26. Bxa3 g6 27. f4 Qd4+ 28. Kh2 Kg7 29. fxe5 Qxe5 30. Bb2 Qe6 31. e5 f5 32. Bf1 Bd8 33. Bc4 Qe8 34. e6+ Bf6 35. Bxf6+ Kxf6 36. Qb2+ Ke7 37. Qb7+ Kf6 38. Qb2+ Ke7 39. Qg7+ Kd8 40. Qd4+ Kc8 41. Ba6+ Kb8 42. Qd6+ Ka7 43. Qc7+ 1-0